[Event "13. Golden Prague Rapid Open"]
[Site "Praha"]
[Date "2017.07.01"]
[Round "5.7"]
[White "Benes, Petr"]
[Black "Rahul, Srivasthav Peddi"]
[Result "0-1"]
[WhiteElo "2137"]
[BlackElo "1822"]
[Annotator ""]
[Source ""]
[Remark ""]

1.g3 {[%clk 0:11:52]} Nf6 {[%clk 0:12:05]} 2.Bg2 {[%clk 0:11:51]}
g6 {[%clk 0:12:06]} 3.c4 {[%clk 0:11:48]} Bg7 {[%clk 0:12:08]}
4.Nc3 {[%clk 0:11:49]} O-O {[%clk 0:12:09]} 5.d3 {[%clk 0:11:29]}
e5 {[%clk 0:11:41]} 6.h3 {[%clk 0:11:18]} c6 {[%clk 0:11:41]}
7.e4 {[%clk 0:11:14]} d6 {[%clk 0:11:37]} 8.Nge2 {[%clk 0:10:56]}
a6 {[%clk 0:11:39]} 9.a4 {[%clk 0:10:48]} a5 {[%clk 0:11:40]}
10.O-O {[%clk 0:10:29]} Na6 {[%clk 0:11:41]} 11.d4 {[%clk 0:09:52]}
exd4 {[%clk 0:11:40]} 12.Nxd4 Re8 13.Re1 {[%clk 0:08:40]} Nc5
{[%clk 0:11:40]} 14.Bg5 {[%clk 0:08:08]} h6 {[%clk 0:11:38]}
15.Bf4 {[%clk 0:08:10]} Ne6 {[%clk 0:11:24]} 16.Be3 {[%clk 0:08:08]}
Qc7 {[%clk 0:11:08]} 17.Qd2 {[%clk 0:08:09]} Kh7 {[%clk 0:11:08]}
18.Rad1 {[%clk 0:08:00]} Nc5 {[%clk 0:10:53]} 19.f3 {[%clk 0:07:41]}
Bd7 {[%clk 0:10:46]} 20.Qc2 {[%clk 0:07:19]} Rad8 {[%clk 0:10:44]}
21.Rd2 {[%clk 0:07:16]} d5 {[%clk 0:10:32]} 22.cxd5 {[%clk 0:06:41]}
Qxg3 {[%clk 0:10:04]} 23.Nde2 {[%clk 0:06:29]} Qxe1+ {[%clk 0:10:03]} 0-1

[Event "13. Golden Prague Rapid Open"]
[Site "Praha"]
[Date "2017.07.01"]
[Round "5.8"]
[White "Muk, Ivo"]
[Black "Chudinovskikh, Alexander M"]
[Result "0-1"]
[WhiteElo "2010"]
[BlackElo "2250"]
[Annotator ""]
[Source ""]
[Remark ""]

1.e4 e5 2.Nf3 Nc6 3.Bb5 a6 4.Ba4 Nf6 5.O-O Be7 6.Re1 b5 7.Bb3
O-O 8.c3 d5 9.exd5 Nxd5 10.h3 Bb7 11.d3 Nf4 12.Bxf4 exf4 13.d4
Na5 14.Bc2 c5 15.Qd3 g6 16.Nbd2 cxd4 17.Nxd4 Bf6 18.Ne4 Bg7 19.Nc5
Bd5 20.b4 Nc4 21.Bb3 Qg5 22.g3 Rad8 23.Bxc4 bxc4 24.Qd2 Qh5 25.Kh2
Bxd4 26.cxd4 Qf3 27.Rg1 fxg3+ 28.Rxg3 Qf6 29.Re1 Ba8 30.Ne4 Qxd4
31.Qxd4 Rxd4 32.Nc5 Rd2 33.Kg1 Rxa2 34.Rc3 Bd5 35.Nd7 Rd8 36.Nf6+
Kg7 37.Nxd5 Rxd5 38.Rxc4 Rf5 39.f4 Kh6 40.Re3 Rd5 41.Rc1 Rd4
42.b5 axb5 43.Rb3 b4 44.Rcb1 Rxf4 45.Rxb4 Rff2 46.Rh4+ Kg7 47.Rg4
h5 48.Rg5 Rf3 49.h4 Rf4 50.Rb7 Rxh4 51.Rd5 Rg4+ 52.Kh1 Rc4 53.Rd1
Rcc2 54.Kg1 h4 0-1

[Event "13. Golden Prague Rapid Open"]
[Site "Praha"]
[Date "2017.07.01"]
[Round "5.10"]
[White "Tsenov, Tsvetoslav"]
[Black "Vetrovsky, Michal"]
[Result "0-1"]
[WhiteElo "2129"]
[BlackElo "2081"]
[Annotator ""]
[Source ""]
[Remark ""]

1.e4 {[%clk 0:12:04]} e5 {[%clk 0:12:03]} 2.Nf3 {[%clk 0:12:04]}
Nc6 {[%clk 0:12:05]} 3.Bb5 {[%clk 0:12:06]} a6 {[%clk 0:12:05]}
4.Bxc6 {[%clk 0:12:07]} dxc6 {[%clk 0:12:06]} 5.d3 {[%clk 0:12:09]}
f6 {[%clk 0:12:05]} 6.Be3 {[%clk 0:12:11]} Ne7 {[%clk 0:11:43]}
7.Nbd2 {[%clk 0:12:12]} Ng6 {[%clk 0:11:40]} 8.g4 Bxg4 {[%clk 0:11:32]}
9.h3 {[%clk 0:11:41]} Be6 {[%clk 0:11:30]} 10.h4 {[%clk 0:11:03]}
h5 {[%clk 0:11:18]} 11.Qe2 {[%clk 0:10:59]} Qd7 {[%clk 0:11:07]}
12.d4 {[%clk 0:10:47]} Bg4 {[%clk 0:10:58]} 13.Qc4 {[%clk 0:10:30]}
exd4 {[%clk 0:10:46]} 14.Nxd4 {[%clk 0:10:18]} Ne5 {[%clk 0:10:37]}
15.Qb3 {[%clk 0:10:14]} O-O-O {[%clk 0:10:21]} 16.f4 {[%clk 0:08:43]}
c5 {[%clk 0:09:27]} 17.fxe5 {[%clk 0:08:13]} cxd4 {[%clk 0:09:24]}
18.Bf4 {[%clk 0:08:12]} fxe5 {[%clk 0:08:36]} 19.Bxe5 {[%clk 0:08:09]}
Bd6 {[%clk 0:08:25]} 20.Bxd6 {[%clk 0:07:48]} Qxd6 {[%clk 0:08:25]}
21.Kf2 {[%clk 0:05:05]} d3 {[%clk 0:06:53]} 22.Rac1 {[%clk 0:02:44]}
Qd4+ {[%clk 0:06:30]} 23.Kg2 {[%clk 0:02:46]} Qe3 {[%clk 0:06:16]}
24.Qc3 {[%clk 0:02:36]} Qe2+ {[%clk 0:06:13]} 25.Kg1 {[%clk 0:02:35]}
Qe3+ {[%clk 0:05:49]} 26.Kg2 {[%clk 0:02:33]} Rhf8 {[%clk 0:05:16]}
27.Rhf1 {[%clk 0:01:31]} Qe2+ {[%clk 0:05:16]} 28.Kg1 {[%clk 0:01:16]}
Bh3 0-1

[Event "13. Golden Prague Rapid Open"]
[Site "Praha"]
[Date "2017.07.01"]
[Round "5.11"]
[White "Simecek, Bohumil"]
[Black "Reznicek, Marcel"]
[Result "0-1"]
[WhiteElo "1983"]
[BlackElo "2091"]
[Annotator ""]
[Source ""]
[Remark ""]

1.d4 {[%clk 0:12:03]} Nf6 {[%clk 0:12:05]} 2.c4 {[%clk 0:12:04]}
g6 {[%clk 0:12:07]} 3.Nc3 {[%clk 0:12:04]} d5 {[%clk 0:12:09]}
4.Bg5 {[%clk 0:12:06]} Ne4 {[%clk 0:12:10]} 5.Bh4 {[%clk 0:12:06]}
c6 {[%clk 0:12:03]} 6.e3 {[%clk 0:11:30]} Bg7 {[%clk 0:12:03]}
7.Nf3 {[%clk 0:11:28]} O-O {[%clk 0:12:00]} 8.Be2 {[%clk 0:11:24]}
h6 {[%clk 0:11:56]} 9.Nxe4 {[%clk 0:10:00]} dxe4 {[%clk 0:11:58]}
10.Nd2 {[%clk 0:10:00]} f5 {[%clk 0:11:54]} 11.O-O {[%clk 0:09:36]}
g5 {[%clk 0:11:25]} 12.Bg3 {[%clk 0:09:38]} f4 {[%clk 0:11:27]}
13.exf4 {[%clk 0:09:39]} gxf4 {[%clk 0:11:28]} 14.Bh4 {[%clk 0:09:41]}
Qxd4 {[%clk 0:11:24]} 15.Bxe7 {[%clk 0:09:07]} Re8 {[%clk 0:11:25]}
16.Ba3 {[%clk 0:09:08]} Bf5 {[%clk 0:11:14]} 17.Nb3 {[%clk 0:08:57]}
Qf6 {[%clk 0:10:55]} 18.Qd2 {[%clk 0:07:54]} Be6 {[%clk 0:10:18]}
19.Nc5 {[%clk 0:07:43]} f3 {[%clk 0:10:19]} 20.Nxe4 {[%clk 0:07:28]}
Qg6 {[%clk 0:10:13]} 21.Bxf3 {[%clk 0:07:28]} Bxc4 {[%clk 0:10:09]}
22.Rfe1 {[%clk 0:07:25]} Bd5 {[%clk 0:09:58]} 23.Qe3 {[%clk 0:05:55]}
Nd7 {[%clk 0:09:43]} 24.Qf4 {[%clk 0:05:48]} Ne5 {[%clk 0:08:44]}
25.Qg3 {[%clk 0:04:12]} Nxf3+ {[%clk 0:08:44]} 26.gxf3 {[%clk 0:04:14]}
Re6 {[%clk 0:08:27]} 27.Qxg6 {[%clk 0:03:38]} Rxg6+ {[%clk 0:08:27]}
28.Kh1 {[%clk 0:03:31]} Kh7 {[%clk 0:08:10]} 29.Rad1 {[%clk 0:03:32]}
Re8 {[%clk 0:07:49]} 30.b3 {[%clk 0:03:32]} b6 {[%clk 0:07:28]}
31.Rd3 {[%clk 0:02:49]} Rge6 {[%clk 0:07:12]} 32.Rde3 {[%clk 0:02:26]}
Bd4 {[%clk 0:07:05]} 33.R3e2 {[%clk 0:02:27]} c5 {[%clk 0:06:56]}
34.Bc1 {[%clk 0:02:07]} Bg7 {[%clk 0:06:19]} 35.Kg2 {[%clk 0:02:00]}
Rg6+ {[%clk 0:06:15]} 36.Kh1 Rf8 37.Re3 {[%clk 0:01:22]} Bd4
{[%clk 0:06:12]} 38.Rd3 {[%clk 0:01:21]} Bc6 {[%clk 0:05:57]}
39.Rg1 {[%clk 0:01:02]} Re6 {[%clk 0:05:31]} 40.Rg3 {[%clk 0:00:26]}
Rxe4 {[%clk 0:05:17]} 41.fxe4 {[%clk 0:00:28]} Bxe4+ {[%clk 0:05:19]}
42.Kg1 {[%clk 0:00:27]} Bxf2+ {[%clk 0:05:21]} 43.Kf1 {[%clk 0:00:28]}
Bxg3+ 0-1

[Event "13. Golden Prague Rapid Open"]
[Site "Praha"]
[Date "2017.07.01"]
[Round "5.12"]
[White "Aubrecht, Petr"]
[Black "Starek, Stanislav"]
[Result "1-0"]
[WhiteElo "1659"]
[BlackElo "2085"]
[Annotator ""]
[Source ""]
[Remark ""]

1.b3 {[%clk 0:12:03]} e6 {[%clk 0:12:02]} 2.Bb2 {[%clk 0:12:04]}
f5 {[%clk 0:12:03]} 3.e3 {[%clk 0:11:30]} Nf6 {[%clk 0:12:04]}
4.f4 {[%clk 0:11:27]} Be7 {[%clk 0:11:55]} 5.Nf3 {[%clk 0:11:27]}
d6 {[%clk 0:11:55]} 6.Be2 {[%clk 0:11:09]} O-O {[%clk 0:11:56]}
7.O-O {[%clk 0:11:09]} h6 {[%clk 0:11:51]} 8.h3 {[%clk 0:10:18]}
Nbd7 {[%clk 0:11:49]} 9.Nd4 {[%clk 0:09:56]} Nb6 {[%clk 0:11:41]}
10.Nc3 {[%clk 0:09:34]} c5 {[%clk 0:11:32]} 11.Nf3 {[%clk 0:09:13]}
Bd7 {[%clk 0:11:34]} 12.d3 {[%clk 0:07:19]} Nfd5 {[%clk 0:11:35]}
13.Qd2 {[%clk 0:07:16]} Bf6 {[%clk 0:11:35]} 14.Rab1 {[%clk 0:06:28]}
Bc6 {[%clk 0:10:48]} 15.Nxd5 {[%clk 0:06:18]} Bxb2 {[%clk 0:10:34]}
16.Nxb6 {[%clk 0:06:13]} axb6 {[%clk 0:09:47]} 17.Rxb2 {[%clk 0:06:13]}
Qf6 {[%clk 0:09:48]} 18.c4 {[%clk 0:06:10]} g5 {[%clk 0:09:47]}
19.d4 {[%clk 0:04:41]} g4 {[%clk 0:09:49]} 20.hxg4 {[%clk 0:04:29]}
fxg4 {[%clk 0:09:50]} 21.Nh2 {[%clk 0:04:23]} g3 {[%clk 0:09:49]}
22.Nf3 {[%clk 0:02:39]} Bxf3 {[%clk 0:09:50]} 23.Bxf3 {[%clk 0:02:35]}
Qh4 {[%clk 0:09:50]} 24.Re1 {[%clk 0:02:28]} e5 {[%clk 0:09:29]}
25.dxe5 {[%clk 0:02:21]} dxe5 {[%clk 0:09:31]} 26.Qd5+ {[%clk 0:02:23]}
Rf7 {[%clk 0:09:19]} 27.Qxe5 {[%clk 0:02:06]} Raf8 {[%clk 0:09:21]}
28.Bd5 {[%clk 0:02:04]} Kh7 {[%clk 0:09:19]} 29.Bxf7 {[%clk 0:01:53]}
Qh2+ {[%clk 0:09:21]} 30.Kf1 {[%clk 0:01:53]} Qh1+ {[%clk 0:09:24]}
31.Ke2 {[%clk 0:01:54]} Qxg2+ {[%clk 0:09:26]} 32.Kd3 {[%clk 0:01:55]}
Rd8+ {[%clk 0:08:56]} 33.Bd5 {[%clk 0:01:56]} Rxd5+ {[%clk 0:08:59]}
34.cxd5 {[%clk 0:01:52]} 1-0

[Event "13. Golden Prague Rapid Open"]
[Site "Praha"]
[Date "2017.07.01"]
[Round "5.13"]
[White "Festa, Samuele"]
[Black "Zamorsky, Ladislav"]
[Result "1/2-1/2"]
[WhiteElo "2078"]
[BlackElo "1889"]
[Annotator ""]
[Source ""]
[Remark ""]

1.Nf3 {[%clk 0:12:03]} d5 {[%clk 0:12:04]} 2.d4 {[%clk 0:12:04]}
Nf6 {[%clk 0:12:05]} 3.Bf4 {[%clk 0:12:03]} Bf5 {[%clk 0:12:04]}
4.e3 {[%clk 0:12:00]} e6 {[%clk 0:12:02]} 5.Bd3 {[%clk 0:11:40]}
Nbd7 {[%clk 0:11:53]} 6.Bxf5 {[%clk 0:11:30]} exf5 {[%clk 0:11:54]}
7.Qd3 {[%clk 0:11:12]} g6 {[%clk 0:11:51]} 8.h3 {[%clk 0:11:00]}
c6 {[%clk 0:11:19]} 9.Nbd2 {[%clk 0:10:04]} Ne4 {[%clk 0:10:53]}
10.Ne5 {[%clk 0:09:03]} f6 {[%clk 0:10:15]} 11.Nxd7 {[%clk 0:08:54]}
Qxd7 {[%clk 0:10:12]} 12.f3 {[%clk 0:08:15]} Nd6 {[%clk 0:09:53]}
13.O-O-O {[%clk 0:07:52]} Be7 {[%clk 0:09:22]} 14.e4 {[%clk 0:07:14]}
fxe4 {[%clk 0:09:09]} 15.fxe4 {[%clk 0:07:14]} dxe4 {[%clk 0:08:42]}
16.Nxe4 {[%clk 0:07:15]} Nxe4 {[%clk 0:08:42]} 17.Qxe4 {[%clk 0:07:15]}
O-O-O {[%clk 0:08:30]} 18.Rhe1 {[%clk 0:07:01]} Bd6 {[%clk 0:08:20]}
19.Bxd6 {[%clk 0:06:30]} Qxd6 {[%clk 0:08:21]} 20.Qe6+ {[%clk 0:06:20]}
Kc7 {[%clk 0:07:51]} 21.Qxd6+ {[%clk 0:06:00]} Kxd6 {[%clk 0:07:39]}
22.c4 {[%clk 0:05:52]} Rde8 {[%clk 0:07:40]} 23.Kd2 {[%clk 0:05:45]}
Rhf8 {[%clk 0:07:23]} 24.b4 {[%clk 0:03:55]} f5 {[%clk 0:06:32]}
25.a4 {[%clk 0:03:07]} h6 {[%clk 0:05:37]} 26.a5 {[%clk 0:02:39]}
f4 {[%clk 0:05:22]} 27.Rxe8 {[%clk 0:02:33]} Rxe8 {[%clk 0:05:23]}
28.Re1 {[%clk 0:02:35]} Rf8 {[%clk 0:05:15]} 29.Rf1 {[%clk 0:02:22]}
g5 {[%clk 0:05:09]} 30.Rf3 {[%clk 0:02:12]} Re8 {[%clk 0:05:03]}
31.g3 {[%clk 0:01:48]} fxg3 {[%clk 0:05:03]} 32.Rxg3 {[%clk 0:01:49]}
Re4 {[%clk 0:04:56]} 33.Rg4 {[%clk 0:01:50]} Re6 {[%clk 0:04:32]}
34.h4 {[%clk 0:01:47]} Rg6 {[%clk 0:04:26]} 35.hxg5 {[%clk 0:01:30]}
hxg5 {[%clk 0:03:58]} 36.Kd3 {[%clk 0:01:28]} b6 {[%clk 0:03:56]}
37.axb6 {[%clk 0:01:24]} axb6 {[%clk 0:03:58]} 38.Ke4 {[%clk 0:01:21]}
Ke6 {[%clk 0:03:53]} 39.d5+ {[%clk 0:00:56]} cxd5+ {[%clk 0:03:50]}
40.cxd5+ {[%clk 0:00:57]} Kd6 {[%clk 0:03:51]} 41.Kd4 {[%clk 0:00:59]}
b5 {[%clk 0:03:33]} 42.Ke4 {[%clk 0:01:00]} Rg7 {[%clk 0:03:28]}
43.Kd4 {[%clk 0:00:50]} Rc7 {[%clk 0:02:50]} 44.Rxg5 {[%clk 0:00:48]}
Rc4+ {[%clk 0:02:51]} 45.Kd3 {[%clk 0:00:47]} Rxb4 {[%clk 0:02:52]}
46.Kc3 {[%clk 0:00:44]} Rc4+ {[%clk 0:02:40]} 47.Kb3 {[%clk 0:00:46]}
Rf4 {[%clk 0:02:30]} 48.Kc3 {[%clk 0:00:43]} 1/2-1/2

[Event "13. Golden Prague Rapid Open"]
[Site "Praha"]
[Date "2017.07.01"]
[Round "5.14"]
[White "Zvacek, Antonin"]
[Black "Vavrinec, Tomas"]
[Result "1/2-1/2"]
[WhiteElo "1881"]
[BlackElo "2068"]
[Annotator ""]
[Source ""]
[Remark ""]

1.e4 {[%clk 0:12:03]} e6 {[%clk 0:12:06]} 2.d4 {[%clk 0:12:05]}
d5 {[%clk 0:12:08]} 3.Nc3 {[%clk 0:12:07]} Bb4 {[%clk 0:12:09]}
4.e5 {[%clk 0:12:08]} c5 {[%clk 0:12:11]} 5.a3 {[%clk 0:12:10]}
cxd4 {[%clk 0:12:12]} 6.Qxd4 {[%clk 0:11:10]} Nc6 {[%clk 0:12:11]}
7.Bb5 {[%clk 0:10:30]} Ba5 {[%clk 0:11:40]} 8.Bd2 {[%clk 0:09:56]}
Nge7 {[%clk 0:11:39]} 9.Qg4 {[%clk 0:09:42]} O-O {[%clk 0:11:27]}
10.f4 {[%clk 0:09:33]} f6 {[%clk 0:09:10]} 11.Nf3 {[%clk 0:08:45]}
fxe5 {[%clk 0:08:36]} 12.fxe5 {[%clk 0:08:30]} Ng6 {[%clk 0:08:21]}
13.Bxc6 {[%clk 0:05:47]} bxc6 {[%clk 0:08:22]} 14.Be3 {[%clk 0:05:21]}
Qc7 {[%clk 0:08:10]} 15.Bc5 {[%clk 0:05:12]} Rf4 {[%clk 0:07:36]}
16.Qg5 {[%clk 0:04:34]} Re4+ {[%clk 0:07:11]} 17.Kf2 {[%clk 0:04:15]}
Bxc3 {[%clk 0:06:26]} 18.bxc3 {[%clk 0:04:10]} Nxe5 {[%clk 0:06:04]}
19.Nxe5 {[%clk 0:03:37]} Rxe5 {[%clk 0:05:57]} 20.Qd2 {[%clk 0:02:58]}
Ba6 {[%clk 0:05:21]} 21.Rhe1 {[%clk 0:02:44]} Rxe1 {[%clk 0:05:03]}
22.Rxe1 {[%clk 0:02:43]} Qxh2 {[%clk 0:04:54]} 23.Qg5 {[%clk 0:02:10]}
Re8 {[%clk 0:03:58]} 24.Bd4 {[%clk 0:01:15]} Qh6 {[%clk 0:02:50]}
25.Qxh6 {[%clk 0:01:14]} gxh6 {[%clk 0:02:51]} 26.Bxa7 {[%clk 0:01:10]}
e5 {[%clk 0:02:38]} 27.Bc5 {[%clk 0:01:11]} Bb5 {[%clk 0:02:34]}
28.Bd6 {[%clk 0:01:08]} e4 {[%clk 0:02:35]} 29.Bc5 {[%clk 0:01:07]}
Kf7 {[%clk 0:02:28]} 30.Re3 {[%clk 0:01:03]} Rg8 {[%clk 0:02:14]}
31.Rh3 {[%clk 0:01:03]} Rg6 {[%clk 0:01:55]} 32.Be3 {[%clk 0:01:03]}
Rf6+ {[%clk 0:01:44]} 33.Kg3 {[%clk 0:00:59]} Ba4 {[%clk 0:01:19]}
34.Rxh6 {[%clk 0:00:57]} Rxh6 {[%clk 0:01:18]} 35.Bxh6 {[%clk 0:00:58]}
Bxc2 {[%clk 0:01:20]} 36.Be3 {[%clk 0:00:55]} Ke6 {[%clk 0:01:20]}
37.Bd4 {[%clk 0:00:47]} Kd6 {[%clk 0:01:22]} 38.Kf4 {[%clk 0:00:49]}
c5 {[%clk 0:01:23]} 39.Be5+ {[%clk 0:00:49]} Ke6 {[%clk 0:01:24]}
40.Bg7 {[%clk 0:00:45]} d4 {[%clk 0:01:15]} 41.cxd4 {[%clk 0:00:44]}
cxd4 {[%clk 0:01:17]} 42.Bxd4 {[%clk 0:00:44]} 1/2-1/2

[Event "13. Golden Prague Rapid Open"]
[Site "Praha"]
[Date "2017.07.01"]
[Round "5.15"]
[White "Melich, Jindrich"]
[Black "Skaloud, Dusan"]
[Result "1-0"]
[WhiteElo "2049"]
[BlackElo "1808"]
[Annotator ""]
[Source ""]
[Remark ""]

1.b4 {[%clk 0:12:05]} a5 {[%clk 0:12:00]} 2.b5 {[%clk 0:12:07]}
c5 {[%clk 0:12:02]} 3.c4 {[%clk 0:12:09]} b6 {[%clk 0:12:03]}
4.Bb2 {[%clk 0:12:09]} Bb7 {[%clk 0:12:04]} 5.Nf3 {[%clk 0:12:09]}
d6 {[%clk 0:12:07]} 6.e3 {[%clk 0:12:10]} f6 {[%clk 0:12:00]}
7.Be2 {[%clk 0:12:10]} e6 {[%clk 0:12:02]} 8.O-O {[%clk 0:12:10]}
Ne7 {[%clk 0:12:04]} 9.Qc2 {[%clk 0:11:57]} Ng6 {[%clk 0:11:57]}
10.d4 {[%clk 0:11:52]} Nd7 {[%clk 0:11:57]} 11.Nbd2 {[%clk 0:11:50]}
Rc8 {[%clk 0:11:39]} 12.Rac1 {[%clk 0:11:47]} Be7 {[%clk 0:11:26]}
13.Bd3 {[%clk 0:11:47]} Kf7 {[%clk 0:11:14]} 14.Qb1 {[%clk 0:11:42]}
e5 {[%clk 0:11:13]} 15.d5 {[%clk 0:11:37]} Ndf8 {[%clk 0:11:15]}
16.g3 {[%clk 0:11:34]} Rc7 {[%clk 0:11:12]} 17.Bf5 {[%clk 0:11:18]}
Bc8 {[%clk 0:11:15]} 18.h4 {[%clk 0:11:16]} Bxf5 {[%clk 0:11:14]}
19.Qxf5 {[%clk 0:11:16]} Qd7 {[%clk 0:11:16]} 20.e4 {[%clk 0:11:07]}
Bd8 {[%clk 0:10:40]} 21.Qxd7+ {[%clk 0:10:53]} Rxd7 {[%clk 0:10:13]}
22.Kg2 {[%clk 0:10:53]} Ne7 {[%clk 0:10:11]} 23.Rce1 {[%clk 0:10:11]}
h6 {[%clk 0:10:01]} 24.h5 {[%clk 0:09:58]} g6 {[%clk 0:09:51]}
25.hxg6+ {[%clk 0:09:31]} Nfxg6 {[%clk 0:09:33]} 26.Rh1 {[%clk 0:09:28]}
Kg7 {[%clk 0:09:13]} 27.Rh5 {[%clk 0:09:11]} Rf8 {[%clk 0:09:11]}
28.Reh1 {[%clk 0:09:06]} Ng8 {[%clk 0:09:13]} 29.Nf1 {[%clk 0:08:39]}
Rdf7 {[%clk 0:08:51]} 30.Ne3 {[%clk 0:08:31]} N6e7 {[%clk 0:08:52]}
31.Nh4 {[%clk 0:08:26]} f5 {[%clk 0:07:22]} 32.Nexf5+ {[%clk 0:08:23]}
Nxf5 {[%clk 0:07:16]} 33.Nxf5+ {[%clk 0:08:23]} Kg6 {[%clk 0:07:03]}
34.Rxh6+ {[%clk 0:07:08]} 1-0

[Event "13. Golden Prague Rapid Open"]
[Site "Praha"]
[Date "2017.07.01"]
[Round "5.16"]
[White "Bily, Michal"]
[Black "Groh, Jiri"]
[Result "0-1"]
[WhiteElo "1883"]
[BlackElo "2047"]
[Annotator ""]
[Source ""]
[Remark ""]

1.f4 {[%clk 0:12:03]} c5 {[%clk 0:12:05]} 2.Nf3 {[%clk 0:12:05]}
Nc6 {[%clk 0:12:07]} 3.g3 {[%clk 0:12:07]} d5 {[%clk 0:12:07]}
4.Bg2 {[%clk 0:12:08]} Nf6 {[%clk 0:12:07]} 5.d3 {[%clk 0:12:10]}
e6 {[%clk 0:12:07]} 6.O-O {[%clk 0:12:11]} Be7 {[%clk 0:12:09]}
7.c3 {[%clk 0:12:13]} O-O {[%clk 0:12:09]} 8.Qe1 {[%clk 0:12:15]}
b5 {[%clk 0:12:08]} 9.e4 {[%clk 0:12:16]} dxe4 10.dxe4 Bb7 {[%clk 0:11:50]}
11.e5 {[%clk 0:12:12]} Nd5 {[%clk 0:11:49]} 12.a4 {[%clk 0:12:02]}
a6 {[%clk 0:11:44]} 13.Na3 {[%clk 0:11:49]} c4 {[%clk 0:11:36]}
14.Nc2 {[%clk 0:11:46]} Bc5+ {[%clk 0:10:52]} 15.Kh1 {[%clk 0:11:48]}
Qb6 {[%clk 0:10:49]} 16.Ng5 {[%clk 0:11:41]} b4 {[%clk 0:10:35]}
17.Ne4 {[%clk 0:11:42]} b3 {[%clk 0:10:25]} 18.Nxc5 {[%clk 0:11:38]}
Qxc5 {[%clk 0:10:05]} 19.Ne3 {[%clk 0:11:40]} Nce7 {[%clk 0:09:40]}
20.Qe2 {[%clk 0:11:02]} Rac8 {[%clk 0:09:36]} 21.g4 {[%clk 0:10:36]}
Ng6 {[%clk 0:09:24]} 22.Nxd5 {[%clk 0:10:34]} Bxd5 {[%clk 0:09:22]}
23.Be3 {[%clk 0:10:36]} Bxg2+ {[%clk 0:08:58]} 24.Kxg2 {[%clk 0:10:37]}
Qd5+ {[%clk 0:08:43]} 25.Kg3 {[%clk 0:10:39]} h6 {[%clk 0:08:30]}
26.Rad1 {[%clk 0:10:39]} Qc6 {[%clk 0:08:18]} 27.Bd4 {[%clk 0:10:41]}
Ne7 {[%clk 0:08:12]} 28.f5 {[%clk 0:10:34]} Qxa4 {[%clk 0:07:55]}
29.f6 {[%clk 0:10:34]} Ng6 {[%clk 0:07:51]} 30.Ra1 {[%clk 0:10:18]}
Qc6 {[%clk 0:07:49]} 31.Ra5 {[%clk 0:10:17]} Qc7 {[%clk 0:07:36]}
32.h4 {[%clk 0:10:06]} Qxa5 {[%clk 0:07:33]} 33.h5 {[%clk 0:10:08]}
Nh8 {[%clk 0:07:15]} 34.fxg7 {[%clk 0:10:03]} Kxg7 {[%clk 0:07:09]}
35.Rf6 {[%clk 0:10:04]} Qd8 {[%clk 0:06:32]} 36.Qe3 {[%clk 0:09:56]}
Ng6 {[%clk 0:06:31]} 37.g5 {[%clk 0:09:51]} Qd5 {[%clk 0:06:00]}
38.hxg6 {[%clk 0:08:56]} fxg6 {[%clk 0:06:01]} 39.gxh6+ {[%clk 0:08:38]}
Kh7 {[%clk 0:06:02]} 40.Qf4 {[%clk 0:08:37]} Rxf6 {[%clk 0:05:34]}
41.Qxf6 {[%clk 0:08:20]} Qd7 {[%clk 0:05:36]} 42.Be3 {[%clk 0:07:43]}
Rc7 {[%clk 0:05:17]} 43.Bf4 {[%clk 0:06:52]} Qd3+ {[%clk 0:05:04]}
44.Kg2 {[%clk 0:06:16]} Qf5 {[%clk 0:04:52]} 45.Qd8 {[%clk 0:06:18]}
Rf7 {[%clk 0:04:47]} 46.Bg3 {[%clk 0:06:01]} Qf3+ {[%clk 0:04:36]}
47.Kh2 {[%clk 0:06:03]} Qh5+ {[%clk 0:04:18]} 48.Kg2 {[%clk 0:06:04]}
Qxh6 {[%clk 0:04:17]} 49.Qe8 {[%clk 0:05:45]} Qd2+ {[%clk 0:04:10]}
50.Kh3 {[%clk 0:05:47]} Qd7 {[%clk 0:04:07]} 51.Qa8 {[%clk 0:05:27]}
Rf5 {[%clk 0:03:58]} 52.Qxa6 {[%clk 0:04:44]} Qd5 {[%clk 0:03:46]}
53.Qa7+ {[%clk 0:04:38]} Kh6 {[%clk 0:03:40]} 54.Qe3+ {[%clk 0:04:30]}
g5 {[%clk 0:03:33]} 55.Kg4 {[%clk 0:04:32]} Qh1 {[%clk 0:03:07]}
56.Be1 {[%clk 0:04:23]} Qg2+ {[%clk 0:02:44]} 57.Bg3 {[%clk 0:04:21]}
Rf4+ {[%clk 0:02:40]} 0-1

[Event "13. Golden Prague Rapid Open"]
[Site "Praha"]
[Date "2017.07.01"]
[Round "5.17"]
[White "Janacek, Jaroslav"]
[Black "Pribylova, Sofie"]
[Result "1-0"]
[WhiteElo "1972"]
[BlackElo "1880"]
[Annotator ""]
[Source ""]
[Remark ""]

1.d3 d5 2.Nd2 Nf6 3.e4 e5 4.Ngf3 Nc6 5.Be2 Bg4 6.c3 Bd6 7.h3
Bh5 8.Qc2 O-O 9.Nf1 Re8 10.Ng3 Bg6 11.Nh2 dxe4 12.dxe4 Qe7 13.Ng4
Nh5 14.Nxh5 Bxh5 15.Ne3 Bg6 16.Nd5 Qe6 17.Bg4 f5 18.Nxc7 Bxc7
19.exf5 Qd5 20.fxg6 Qxg2 21.gxh7+ Kh8 22.Rf1 Bb6 23.Bg5 Qd5 24.Qd2
Qe4+ 25.Qe2 Qg6 26.h4 Nd4 27.Bh5 Nc2+ 28.Kd1 Red8+ 29.Kc1 Qf5
30.Qxc2 Qh3 31.Qe2 Rd5 32.Bg4 Qh2 33.Bf3 Rd6 34.Be4 Rf8 35.Be3
Bxe3+ 36.Qxe3 Rfd8 37.Kc2 Rd2+ 38.Qxd2 Rxd2+ 39.Kxd2 Qf4+ 40.Kd3
Qxh4 41.Rae1 Qe7 42.f3 Qd6+ 43.Kc2 Qc5 44.Rd1 Qe7 45.Rd5 g5 46.Rfd1
g4 47.Rd8+ 1-0